000 00538cam a22002171 4500
001 sa 66007569
003 DLC
005 20260227112305.0
008 890807s1964 ii d 000 0 hino
010 _asa 66007569
035 _a(OCoLC)20136085
040 _aDLC
_cWaU
_dDLC
041 0 _ahinmal
042 _apremarc
050 0 0 _aPL4717
_b.H5 1966
245 0 0 _aHindī Malayālam kośa.
260 _c[1964]
300 _a655 p.
_c20 cm.
500 _aHindi and Malayalam.
650 0 _aHindi language
_xDictionaries
_xMalayalam.
999 _c71239
_d71239